00967cam a2200265 450000100060000000300080000600500170001400800410003102000150007203500190008704000270010604100080013308200210014124501310016226000390029330000350033249000220036750001040038950400290049365000190052270000270054170000420056870000280061071100630063833064BD-RjUL20211209051935.0140430s1970 nyua b 101 0 eng  a0123551501 a(BD-RjUL)33155 aDLCcDLCdBD-RjULbeng aeng00a301.1bEAR 197000aEarly experiences and the processes of socialization /cEdited by Ronald A. Hoppe, G. Alexander Milton [and] Edward C. Simmel. aNew York :bAcademic Press,c1970. axi, 220 p. :billus. ;c24 cm.0 aSocial psychology aBased on papers presented at the second Miami University Symposium on Social Behavior held in 1968. aIncludes bibliographies. 0aSocialization.1 aHoppe, Ronald A.,eed.1 aMilton, George Alexander,d1930-eed.1 aSimmel, Edward C.,eed.2 aMiami University Symposium on Social Behavior,n2d,d1968.